Going global: the transnationalization of care /

Guardado en:
Bibliografiske detaljer
Hovedforfatter: Yeates, Nicola
Format: Texto
Tags: Tilføj Tag
Ingen Tags, Vær først til at tagge denne postø!

MARC

LEADER 00000 a a2200000 04500
001 44184
003
040
100 |a Yeates, Nicola  
245 |a Going global:   |b the transnationalization of care /  |c Nicola Yeates  
773 |g páginas 233-254  
999 |c 21161  |d 21161